<?xml version="1.0" encoding="UTF-8"?>
<record
    xmlns:xsi="http://www.w3.org/2001/XMLSchema-instance"
    xsi:schemaLocation="http://www.loc.gov/MARC21/slim http://www.loc.gov/standards/marcxml/schema/MARC21slim.xsd"
    xmlns="http://www.loc.gov/MARC21/slim">

  <leader>00344nam a2200121Ia 4500</leader>
  <controlfield tag="008">191201s2019    xx            000 0 und d</controlfield>
  <datafield tag="100" ind1=" " ind2=" ">
    <subfield code="a">RAJA SEKARAN, VN</subfield>
  </datafield>
  <datafield tag="245" ind1=" " ind2="0">
    <subfield code="a">Pharmaceutical chemistry II theory and practical for final year</subfield>
  </datafield>
  <datafield tag="260" ind1=" " ind2=" ">
    <subfield code="b">CBS Pub</subfield>
    <subfield code="a">New Delhi</subfield>
    <subfield code="c">2019</subfield>
  </datafield>
  <datafield tag="300" ind1=" " ind2=" ">
    <subfield code="a">459</subfield>
  </datafield>
  <datafield tag="650" ind1=" " ind2=" ">
    <subfield code="a">Medicinal Chemistry</subfield>
  </datafield>
  <datafield tag="942" ind1=" " ind2=" ">
    <subfield code="2">ddc</subfield>
    <subfield code="c">BK</subfield>
    <subfield code="0">39</subfield>
  </datafield>
  <datafield tag="999" ind1=" " ind2=" ">
    <subfield code="c">8213</subfield>
    <subfield code="d">8213</subfield>
  </datafield>
  <datafield tag="952" ind1=" " ind2=" ">
    <subfield code="0">0</subfield>
    <subfield code="1">0</subfield>
    <subfield code="2">ddc</subfield>
    <subfield code="4">0</subfield>
    <subfield code="7">0</subfield>
    <subfield code="8">DP</subfield>
    <subfield code="a">PIET</subfield>
    <subfield code="b">PIET</subfield>
    <subfield code="d">2019-03-25</subfield>
    <subfield code="e">Kirti Prakashan</subfield>
    <subfield code="g">320.00</subfield>
    <subfield code="k">IN 3049</subfield>
    <subfield code="l">14</subfield>
    <subfield code="p">DP70</subfield>
    <subfield code="r">2022-12-02 00:00:00</subfield>
    <subfield code="s">2022-11-18</subfield>
    <subfield code="v">206.40</subfield>
    <subfield code="w">2019-03-08</subfield>
    <subfield code="y">BK</subfield>
  </datafield>
  <datafield tag="952" ind1=" " ind2=" ">
    <subfield code="0">0</subfield>
    <subfield code="1">0</subfield>
    <subfield code="2">ddc</subfield>
    <subfield code="4">0</subfield>
    <subfield code="7">0</subfield>
    <subfield code="8">DP</subfield>
    <subfield code="a">PIET</subfield>
    <subfield code="b">PIET</subfield>
    <subfield code="d">2019-03-25</subfield>
    <subfield code="e">Kirti Prakashan</subfield>
    <subfield code="g">320.00</subfield>
    <subfield code="k">IN 3049</subfield>
    <subfield code="l">14</subfield>
    <subfield code="p">DP71</subfield>
    <subfield code="r">2023-05-31 00:00:00</subfield>
    <subfield code="s">2023-05-16</subfield>
    <subfield code="v">206.40</subfield>
    <subfield code="w">2019-03-08</subfield>
    <subfield code="y">BK</subfield>
  </datafield>
  <datafield tag="952" ind1=" " ind2=" ">
    <subfield code="0">0</subfield>
    <subfield code="1">0</subfield>
    <subfield code="2">ddc</subfield>
    <subfield code="4">0</subfield>
    <subfield code="7">0</subfield>
    <subfield code="8">DP</subfield>
    <subfield code="a">PIET</subfield>
    <subfield code="b">PIET</subfield>
    <subfield code="d">2019-03-25</subfield>
    <subfield code="e">Kirti Prakashan</subfield>
    <subfield code="g">320.00</subfield>
    <subfield code="k">IN 3049</subfield>
    <subfield code="l">12</subfield>
    <subfield code="p">DP72</subfield>
    <subfield code="r">2022-10-28 00:00:00</subfield>
    <subfield code="s">2022-10-07</subfield>
    <subfield code="v">206.40</subfield>
    <subfield code="w">2019-03-08</subfield>
    <subfield code="y">BK</subfield>
  </datafield>
</record>
